| 000 | 00641nam a22002177a 4500 | ||
|---|---|---|---|
| 003 | OSt | ||
| 005 | 20140310182345.0 | ||
| 008 | 130927t xxu||||| |||| 00| 0 eng d | ||
| 020 | _a0752902083 | ||
| 050 |
_aPZ 8.1 _b.M478 1996 |
||
| 082 |
_aGS 398.21 _bM171 1996 |
||
| 100 |
_aMcGarry, Marry _921929 |
||
| 245 |
_aGreat Folktales & fairy tales of Ireland / _cMary McGarry. |
||
| 260 |
_aLondon : _bLeopard Books, _c1996. |
||
| 300 |
_a127 p. : _bill. ; _c23 cm . |
||
| 650 |
_aFairy tales _xIreland. _921930 |
||
| 650 |
_aFolklore _xIreland. _921931 |
||
| 650 |
_aHook Richard ,ill. _921932 |
||
| 942 |
_2lcc _cBK-GS |
||
| 999 |
_c12219 _d12219 |
||